Joy of Mathematics (Record no. 197519)

MARC details
000 -LEADER
fixed length control field 00364nam a22001457a 4500
008 - FIXED-LENGTH DATA ELEMENTS--GENERAL INFORMATION
fixed length control field 230824b ||||| |||| 00| 0 eng d
082 ## - DEWEY DECIMAL CLASSIFICATION NUMBER
Classification number 500-BOS
100 ## - MAIN ENTRY--PERSONAL NAME
Personal name Bose, Sumita
245 ## - TITLE STATEMENT
Title Joy of Mathematics
Medium English
260 ## - PUBLICATION, DISTRIBUTION, ETC. (IMPRINT)
Place of publication, distribution, etc Delhi
Name of publisher, distributor, etc A.I.C.B.
Date of publication, distribution, etc Rohini
270 ## - ADDRESS
Address A.I.C.B. Rohini, Delhi
300 ## - PHYSICAL DESCRIPTION
Extent 12x13
490 ## - SERIES STATEMENT
Volume number/sequential designation 1
942 ## - ADDED ENTRY ELEMENTS (KOHA)
Source of classification or shelving scheme Dewey Decimal Classification
Item type Braille-Books-English
Call number prefix 500
Call number suffix BOS
Holdings
Withdrawn status Lost status Not for loan Home library Current library Date acquired Cost, normal purchase price Full call number Barcode Koha item type
      Braille-Library Braille-Library 24/08/2023 96.00 500-BOS BR-004405 Braille-Books-English
      Braille-Library Braille-Library 24/08/2023 96.00 500-BOS BR-004406 Braille-Books-English
      Braille-Library Braille-Library 24/08/2023 96.00 500-BOS BR-004407 Braille-Books-English
      Braille-Library Braille-Library 24/08/2023 96.00 500-BOS BR-004408 Braille-Books-English

© Delhi Public Library
Hit Counter
free hit counter